000 00463nam a2200193Ia 4500
005 20231003101915.0
008 131103s9999 xx 000 0 und d
020 _a033033304 6
040 _aLoreto College
041 _aEnglish
082 _aF
_bPHI
100 _aPhillips,Caryl
245 _aCrossing the river
_cCaryl Phillips
260 _aLondon
_bPicador
_c1993
300 _a237 p.
650 _aFiction in English
850 _aLCLIB
942 _cBK
999 _c14767
_d65246